000 nam a22 7a 4500
999 _c328792
_d328792
003 ASAB
005 20170417123203.0
008 170417b xxu||||| |||| 00| 0 eng d
020 _a81-8189-206-2
040 _cASAB
082 _a634
245 _aFruit production technology
_cby P.K. Yadav
260 _aNew Delhi
_bInternational Book Distributing Co.
_cc2007
300 _a372 P
942 _2ddc
_cBK